000 00542nam a22001935a 4500
001 51460
005 20240119012718.0
008 940115s1993 ce a b 001 0 eng
020 _a9556101055
040 _aDLC
_cDLC
082 _222
_a305.8.
_bDIS.
100 1 _aDisanayaka, J. B.
245 1 4 _aThe monk and the peasant :
_ba study of the traditional Sinhalese village /
_cJ.B. Disanayaka.
250 _a1st
260 _aColombo, Sri Lanka :
_bState Print. Corp.,
_c1993.
300 _a164 p. :
650 0 _aSociology, Rural
942 _cL
999 _c185
_d185